LEADER 01143nam0 22002771i 450 001 UON00010634 005 20231205101932.22 100 $a20020107d1969 |0itac50 ba 101 $arus 102 $aRU 105 $a|||| 1|||| 200 1 $aAfrasiab$eAfrasiabskaja kompleksnaja arxaeologiceskaja ekspedicija$fOt. red. Ja. G. Guljamov 210 $aTaskent$cIzdatel'stvo "Fan" Uzssr$d1969 215 $a39 p.$d19 c 300 $aIn testa al front. : Akademija Nauk Uzbekskoj SSR. Institut Istorii i Arxeologii 606 $aArcheologia$xAsia Centrale$xSiti$xAfrasiab$3UONC003708$2FI 620 $aUZ$dTashkent$3UONL000222 686 $aAC X C$cASIA CENTRALE - ARCHEOLOGIA - SITI$2A 702 1$aGULJAMOV$bJa. G.$3UONV008279 712 $aIzdatel'stvo Akademii Nauk Uzbekskoj$3UONV248474$4650 801 $aIT$bSOL$c20250328$gRICA 899 $aSIBA - SISTEMA BIBLIOTECARIO DI ATENEO$2UONSI 912 $aUON00010634 950 $aSIBA - SISTEMA BIBLIOTECARIO DI ATENEO$dSI AC X C 064 $eSI G 2768 7 064 996 $aAfrasiab$91178614 997 $aUNIOR